| 000 | 00943nam a2200277Ia 4500 | ||
|---|---|---|---|
| 003 | OSt | ||
| 005 | 20220918165153.0 | ||
| 006 | a|||||r|||| 00| 0 | ||
| 007 | ta | ||
| 008 | 220917b |||||||| |||| 00| 0 eng d | ||
| 020 |
_a1405112093 (hbk) _c6867.34 |
||
| 024 | _a237,483 | ||
| 037 |
_b3204, 01/01/2009, Bharat Scientific Syndicate _cTextual |
||
| 040 |
_aARTS _cARTS _beng |
||
| 041 |
_2eng _aeng |
||
| 082 | _aO111:g(R), P4 | ||
| 100 |
_aJohn Eileen Ed. _922995 |
||
| 245 | 0 |
_aPhilosophy of literature _b Contemporary and classic readings |
|
| 260 |
_aMalden _bBlackwell Publishing USA _c2004 |
||
| 300 |
_axiii, 367p. _ccm. |
||
| 490 | _aBlackwell philosophy anthologies | ||
| 650 | _aENGLISH LITERATURE | ||
| 700 |
_a Lopes Dominic McIver Ed. _922996 |
||
| 942 |
_hO111:g(R), P4 _cTEXL _2CC |
||
| 999 |
_c128600 _d128600 |
||